| 000 | 04105 am a2200901 a 4500 | ||
|---|---|---|---|
| 005 | 20240624091130.0 | ||
| 008 | 100708s2004||||sp a f |||| 001 0 spa d | ||
| 020 | _a9875155071 | ||
| 041 | _aspa | ||
| 092 |
_c616.89 _l77 _sSAD |
||
| 100 | 1 |
_aSadock, Benjamin James. _91056 |
|
| 245 |
_aKaplan-Sadock. Sinopsis de psiquiatría. _bCiencias de la conducta. Psiquiatría clínica / _cBenjamín James Sadock |
||
| 250 |
_a9a ed. en español _bTraducción Gabriela López; Adriana Morando y Javier Mas |
||
| 260 |
_aBuenos Aires ; Madrid: _bWaverly Hispánica; _c2004. |
||
| 300 | _a1460 p. | ||
| 500 | _aSadock, B. J. y Sadock, V. A. (2004). Kaplan-Sadock. Sinopsis de psiquiatría. Ciencias de la conducta. Psiquiatría clínica. (9a ed.). Buenos Aires ; Madrid : Waverly Hispánica. | ||
| 653 | _aRelación médico-paciente y las técnicas de entrevista | ||
| 653 | _aDesarrollo humano y ciclo vital | ||
| 653 | _aCerebro y conducta | ||
| 653 | _aAportaciones de las ciencias psicosociales | ||
| 653 | _aExploración neuropsicológica clínica | ||
| 653 | _aTeorías de la personalidad y psicopatología | ||
| 653 | _aExploración clínica del paciente psiquiátrico | ||
| 653 | _aSignos y síntomas en psiquiatría | ||
| 653 | _aClasificación en pediatría y escalas de evaluación psiquiátrica | ||
| 653 | _aDelirio, demencia y trastornos amnésicos; trastornos cognitivos, trastornos mentales debidos a enfermedades médicas generales | ||
| 653 | _aAspectos neuropsiquiátricos de la infección por VIH y SIDA | ||
| 653 | _aTrastornos relacionados con sustancias | ||
| 653 | _aEsquizofrenia | ||
| 653 | _aTrastornos psicóticos | ||
| 653 | _aTrastornos del estado de ánimo | ||
| 653 | _aTrastornos de ansiedad | ||
| 653 | _aTrastornos somatomorfos | ||
| 653 | _aSíndrome de fatiga crónica y neurastemia | ||
| 653 | _aTrastornos facticios | ||
| 653 | _aTrastornos disociativos | ||
| 653 | _aSexualidad humana | ||
| 653 | _aTrastornos de la identidad de género | ||
| 653 | _aTrastornos de la conducta alimentaria | ||
| 653 | _aSueño normal y trastornos del sueño | ||
| 653 | _aTrastornos del control de los impulsos | ||
| 653 | _aTrastornos adaptativos | ||
| 653 | _aTrastornos de la personalidad | ||
| 653 | _aFactores psicológicos que inciden en enfermedades médicas y medicina psicosomática | ||
| 653 | _aMedicina complementaria y alternativa en psiquiatría | ||
| 653 | _aPsiquiatría y medicina de la reproducción | ||
| 653 | _aProblemas de relación | ||
| 653 | _aProblemas relacionados con abuso, maltrato y abandono | ||
| 653 | _aMedicina psiquiátrica de urgencias | ||
| 653 | _aPsicoterapias | ||
| 653 | _aTerapias biológicas | ||
| 653 | _aPsiquiatría infantil: evaluación, exploración y exámenes psicobiológicos | ||
| 653 | _aRetraso mental | ||
| 653 | _aTrastornos del aprendizaje | ||
| 653 | _aTrastorno de las habilidades motoras: trastorno del desarrollo de la coordinación | ||
| 653 | _aTrastornos de la comunicación | ||
| 653 | _aTrastornos generalizados del desarrollo | ||
| 653 | _aTrastornos por déficit de atención | ||
| 653 | _aTrastornos de comportamiento perturbador | ||
| 653 | _aTrastornos alimentarios de los lactantes y los niños pequeños | ||
| 653 | _aTrastornos de tics | ||
| 653 | _aTrastornos de la eliminación | ||
| 653 | _aTrastornos del estado de ánimo y suicidio en la niñez y la adolescencia | ||
| 653 | _aEsquizofrenia de comienzo temprano | ||
| 653 | _aAbuso de sustancias en la adolescencia | ||
| 653 | _aPsiquiatría infantil | ||
| 653 | _aTratamiento psiquiátrico de niños y adolescentes | ||
| 653 | _aAspectos forenses en psiquiatría infantil | ||
| 653 | _aPsiquiatría geriátrica | ||
| 653 | _aCuidados terminales y medicina paliativa | ||
| 653 | _aPsiquiatría forense | ||
| 653 | _aEtica en psiquiatría | ||
| 653 | _aPsiquiatría pública y hospitalaria | ||
| 653 | _aSistema de atención de la salud en psiquiatría y medicina | ||
| 700 | 1 |
_aSadock, Virginia Alcott. _91057 |
|
| 930 | _a1232 | ||
| 942 |
_2ddc _cBK |
||
| 999 |
_c508 _d508 |
||